[Event "Fagernes International 2022"]
[Site "Fagernes"]
[Date "2022.04.10"]
[Round "1.11"]
[White "Gasland, Lukas Dominik"]
[Black "Paulien, Pascal"]
[Result "1-0"]
[WhiteElo "1478"]
[BlackElo "1815"]
[Annotator "NA RC"]
[PlyCount "137"]
[EventDate "2022.04.10"]
[EventCountry "NOR"]
[SourceTitle "playchess.com"]
[Source "ChessBase"]
[SourceQuality "1"]

1. d4 {[%emt 0:00:05]} Nf6 {[%emt 0:00:10]} 2. Nf3 {[%emt 0:00:14]} e6 {[%emt 0:00:12]} 3. c4 {[%emt 0:00:16]} d5 {[%emt 0:00:13]} 4. g3 {[%emt 0:00:18]} c6 {[%emt 0:00:51]} 5. Bg2 {[%emt 0:01:26]} Bb4+ {[%emt 0:01:00]} 6. Bd2 {[%emt 0:00:16]} Qa5 {[%emt 0:01:20]} 7. O-O {[%emt 0:03:02]} O-O {[%emt 0:04:13]} 8. a3 {[%emt 0:04:02]} Bxd2 {[%emt 0:01:07]} 9. Nbxd2 {[%emt 0:00:14]} Nbd7 {[%emt 0:00:54]} 10. Qc2 {[%emt 0:08:08]} c5 {[%emt 0:10:55]} 11. cxd5 {[%emt 0:14:29]} Nxd5 {[%emt 0:05:04]} 12. Nb3 {[%emt 0:09:35]} Qa4 {[%emt 0:00:09]} 13. dxc5 {[%emt 0:01:05]} Nxc5 {[%emt 0:03:01]} 14. Qxc5 {[%emt 0:00:13]} Qxb3 {[%emt 0:00:14]} 15. Qd4 {[%emt 0:20:40]} Ne7 {[%emt 0:06:12]} 16. Rfd1 {[%emt 0:12:45]} Nc6 {[%emt 0:00:45]} 17. Qd2 {[%emt 0:03:34]} e5 {[%emt 0:04:01]} 18. Rac1 {[%emt 0:04:34]} Bf5 {[%emt 0:02:51]} 19. Qg5 {[%emt 0:03:56]} g6 {[%emt 0:01:24]} 20. Qh6 {[%emt 0:02:29]} f6 {[%emt 0:03:28]} 21. Ng5 {[%emt 0:01:23]} Qxd1+ {[%emt 0:08:32]} 22. Rxd1 {[%emt 0:00:07]} fxg5 {[%emt 0:00:05]} 23. Bd5+ {[%emt 0:00:18]} Kh8 {[%emt 0:00:46]} 24. Bxc6 {[%emt 0:00:27]} bxc6 {[%emt 0:00:24]} 25. e4 {[%emt 0:01:14]} Bg4 {[%emt 0:06:18]} 26. Rd6 {[%emt 0:00:55]} Rad8 {[%emt 0:03:06]} 27. Rxd8 {[%emt 0:02:08]} Rxd8 {[%emt 0:00:09]} 28. Qxg5 {[%emt 0:00:17]} Rd1+ {[%emt 0:00:58]} 29. Kg2 {[%emt 0:00:08]} Be2 {[%emt 0:00:36]} 30. Qxe5+ {[%emt 0:00:18]} Kg8 {[%emt 0:00:10]} 31. Qb8+ {[%emt 0:00:34]} Kg7 {[%emt 0:01:05]} 32. Qxa7+ {[%emt 0:00:06]} Kf6 {[%emt 0:00:20]} 33. e5+ {[%emt 0:00:05]} Kf5 {[%emt 0:00:40]} 34. Qf7+ {[%emt 0:00:22]} Ke4 {[%emt 0:01:03]} 35. Qf4+ {[%emt 0:00:23]} Kd5 {[%emt 0:00:33]} 36. Kh3 {[%emt 0:01:04]} Bf1+ {[%emt 0:00:14]} 37. Kg4 {[%emt 0:02:04]} Rd4 {[%emt 0:02:25]} 38. Qxd4+ {[%emt 0:15:01]} Kxd4 {[%emt 0:00:10]} 39. f4 {[%emt 0:00:08]} Bd3 {[%emt 0:02:03]} 40. Kg5 {[%emt 0:00:52]} h5 {[%emt 0:00:07]} 41. Kf6 {[%emt 0:02:47]} Kc4 {[%emt 0:08:57]} 42. Ke6 {[%emt 0:01:08]} Kb3 {[%emt 0:04:15]} 43. Kd6 {[%emt 0:00:34]} Kxb2 {[%emt 0:00:57]} 44. Kxc6 {[%emt 0:00:10]} Kxa3 {[%emt 0:00:04]} 45. e6 {[%emt 0:00:23]} Kb4 {[%emt 0:00:15]} 46. Kd7 {[%emt 0:00:30]} Kc4 {[%emt 0:00:30]} 47. e7 {[%emt 0:00:24]} Kd4 {[%emt 0:00:05]} 48. e8=Q {[%emt 0:00:30]} Bb5+ {[%emt 0:00:10]} 49. Ke7 {[%emt 0:00:07]} Bxe8 {[%emt 0:00:18]} 50. Kxe8 {[%emt 0:00:05]} Ke4 {[%emt 0:00:31]} 51. Kf7 {[%emt 0:00:26]} Kf5 {[%emt 0:00:11]} 52. Kg7 {[%emt 0:00:27]} g5 {[%emt 0:00:33]} 53. fxg5 {[%emt 0:00:08]} Kxg5 {[%emt 0:00:14]} 54. h4+ {[%emt 0:00:16]} Kg4 {[%emt 0:04:54]} 55. Kg6 {[%emt 0:00:13]} Kxg3 {[%emt 0:00:53]} 56. Kxh5 {[%emt 0:00:07]} Kf4 {[%emt 0:00:43]} 57. Kg6 {[%emt 0:00:07]} Ke5 {[%emt 0:00:09]} 58. h5 {[%emt 0:00:06]} Ke6 {[%emt 0:00:05]} 59. h6 {[%emt 0:00:05]} Ke7 {[%emt 0:00:05]} 60. h7 {[%emt 0:00:05]} Kf8 {[%emt 0:00:10]} 61. h8=Q+ {[%emt 0:00:13]} Ke7 {[%emt 0:00:06]} 62. Qf6+ {[%emt 0:00:10]} Kd7 {[%emt 0:00:08]} 63. Kf7 {[%emt 0:00:06]} Kc7 {[%emt 0:00:05]} 64. Ke7 {[%emt 0:00:10]} Kc8 {[%emt 0:00:07]} 65. Qc6+ {[%emt 0:00:08]} Kb8 {[%emt 0:00:06]} 66. Qd7 {[%emt 0:00:03]} Ka8 {[%emt 0:00:06]} 67. Kd6 {[%emt 0:00:05]} Kb8 {[%emt 0:00:04]} 68. Kc6 {[%emt 0:00:06]} Ka8 {[%emt 0:00:03]} 69. Qb7# {[%emt 0:00:09]} 1-0

[Event "Fagernes International 2022"]
[Site "Fagernes"]
[Date "2022.04.10"]
[Round "1.12"]
[White "Pedersen, Max Moe"]
[Black "Ji, Jiabao Eivind"]
[Result "1-0"]
[WhiteElo "1933"]
[BlackElo "1437"]
[Annotator "NA RC"]
[PlyCount "49"]
[EventDate "2022.04.10"]
[EventCountry "NOR"]
[SourceTitle "playchess.com"]
[Source "ChessBase"]
[SourceQuality "1"]

1. d4 {[%emt 0:00:13]} e6 {[%emt 0:01:14]} 2. c4 {[%emt 0:00:10]} b6 {[%emt 0:00:19]} 3. a3 {[%emt 0:00:08]} Bb7 {[%emt 0:00:32]} 4. Nc3 {[%emt 0:00:08]} Nf6 {[%emt 0:00:46]} 5. d5 {[%emt 0:00:07]} d6 {[%emt 0:01:36]} 6. g3 {[%emt 0:03:51]} exd5 {[%emt 0:00:34]} 7. cxd5 {[%emt 0:01:10]} Be7 {[%emt 0:01:58]} 8. Bg2 {[%emt 0:02:48]} O-O {[%emt 0:03:58]} 9. Nf3 {[%emt 0:02:11]} Nbd7 {[%emt 0:00:55]} 10. b4 {[%emt 0:04:29]} a5 {[%emt 0:02:10]} 11. Rb1 {[%emt 0:00:45]} Re8 {[%emt 0:01:53]} 12. O-O {[%emt 0:02:34]} Bf8 {[%emt 0:03:01]} 13. Bf4 {[%emt 0:09:28]} axb4 {[%emt 0:03:09]} 14. axb4 {[%emt 0:00:18]} g6 {[%emt 0:07:23]} 15. Nd4 {[%emt 0:07:13]} Bg7 {[%emt 0:05:11]} 16. e4 {[%emt 0:02:15]} Nh5 {[%emt 0:21:59]} 17. Be3 {[%emt 0:01:55]} Ne5 {[%emt 0:07:50]} 18. f4 {[%emt 0:03:44]} Nc4 {[%emt 0:10:22]} 19. Bf2 {[%emt 0:00:13]} Ra3 {[%emt 0:05:29]} 20. Qd3 {[%emt 0:04:50]} c5 {[%emt 0:05:48]} 21. dxc6 {[%emt 0:04:53]} d5 {[%emt 0:08:19]} 22. cxb7 {[%emt 0:02:51]} dxe4 {[%emt 0:00:15]} 23. Qxc4 {[%emt 0:00:53]} e3 {[%emt 0:00:14]} 24. Bxe3 {[%emt 0:02:41]} Rxe3 {[%emt 0:00:12]} 25. Qc8 {[%emt 0:02:07]} 1-0

[Event "Fagernes International 2022"]
[Site "Fagernes"]
[Date "2022.04.10"]
[Round "1.13"]
[White "Selvik, Elma"]
[Black "Wiig, Ole Martin"]
[Result "1-0"]
[WhiteElo "1392"]
[BlackElo "1797"]
[Annotator "NA RC"]
[PlyCount "60"]
[EventDate "2022.04.10"]
[EventCountry "NOR"]
[SourceTitle "playchess.com"]
[Source "ChessBase"]
[SourceQuality "1"]

1. d4 {[%emt 0:00:03]} Nf6 {[%emt 0:00:09]} 2. c4 {[%emt 0:00:13]} e5 {[%emt 0:00:22]} 3. Nf3 {[%emt 0:02:18]} exd4 {[%emt 0:04:18]} 4. Nxd4 {[%emt 0:02:00]} Bb4+ {[%emt 0:03:16]} 5. Bd2 {[%emt 0:02:17]} Bxd2+ {[%emt 0:02:40]} 6. Nxd2 {[%emt 0:01:44]} O-O {[%emt 0:00:56]} 7. g3 {[%emt 0:01:43]} Nc6 {[%emt 0:03:33]} 8. N2f3 {[%emt 0:02:00]} Qe7 {[%emt 0:04:49]} 9. a3 {[%emt 0:05:02]} a5 {[%emt 0:03:56]} 10. Bg2 {[%emt 0:09:33]} Ne5 {[%emt 0:16:38]} 11. Nxe5 {[%emt 0:05:17]} Qxe5 {[%emt 0:00:25]} 12. b3 {[%emt 0:17:26]} d6 {[%emt 0:06:08]} 13. O-O {[%emt 0:02:29]} Re8 {[%emt 0:09:49]} 14. Nb5 {[%emt 0:07:16]} Re7 {[%emt 0:01:41]} 15. e3 {[%emt 0:02:10]} Bg4 {[%emt 0:06:38]} 16. Qd3 {[%emt 0:08:20]} Qh5 {[%emt 0:03:14]} 17. Qd4 {[%emt 0:08:05]} Rae8 {[%emt 0:08:42]} 18. Bxb7 {[%emt 0:09:53]} c5 {[%emt 0:02:37]} 19. Qb2 {[%emt 0:09:19]} Rxb7 {[%emt 0:01:27]} 20. Nxd6 {[%emt 0:05:09]} Bf3 {[%emt 0:05:00]} 21. h4 {[%emt 0:03:49]} Qg4 {[%emt 0:05:46]} 22. Kh2 {[%emt 0:00:58]} Re6 {[%emt 0:03:32]} 23. Nxb7 {[%emt 0:00:41]} Bxb7 {[%emt 0:01:38]} 24. Rad1 {[%emt 0:01:40]} h5 {[%emt 0:04:18]} 25. Rd8+ {[%emt 0:00:51]} Kh7 {[%emt 0:00:46]} 26. Rd2 {[%emt 0:00:47]} Qf3 {[%emt 0:01:26]} 27. Rg1 {[%emt 0:00:43]} Ng4+ {[%emt 0:01:38]} 28. Kh3 {[%emt 0:00:38]} Be4 {[%emt 0:00:45]} 29. Re2 {[%emt 0:02:05]} Bf5 {[%emt 0:00:55]} 30. Rge1 {[%emt 0:00:30]} Nxe3+ {[%emt 0:00:46]} 1-0

[Event "Fagernes International 2022"]
[Site "Fagernes"]
[Date "2022.04.10"]
[Round "1.14"]
[White "Ji, Jiahao Eric"]
[Black "Hammer, Morten"]
[Result "1-0"]
[WhiteElo "1664"]
[BlackElo "1331"]
[Annotator "NA RC"]
[PlyCount "52"]
[EventDate "2022.04.10"]
[EventCountry "NOR"]
[SourceTitle "playchess.com"]
[Source "ChessBase"]
[SourceQuality "1"]

1. e4 {[%emt 0:00:03]} d5 {[%emt 0:00:05]} 2. exd5 {[%emt 0:00:12]} Qxd5 {[%emt 0:00:02]} 3. Nc3 {[%emt 0:00:09]} Qa5 {[%emt 0:00:09]} 4. Nf3 {[%emt 0:00:26]} Nf6 {[%emt 0:00:27]} 5. d4 {[%emt 0:02:30]} Bf5 {[%emt 0:00:07]} 6. Bd3 {[%emt 0:01:50]} e6 {[%emt 0:01:48]} 7. O-O {[%emt 0:01:29]} Nbd7 {[%emt 0:12:02]} 8. Bf4 {[%emt 0:02:59]} Bxd3 {[%emt 0:28:28]} 9. Qxd3 {[%emt 0:01:19]} c6 {[%emt 0:07:43]} 10. Ne4 {[%emt 0:06:34]} Nxe4 {[%emt 0:01:45]} 11. Qxe4 {[%emt 0:00:06]} Nf6 {[%emt 0:02:32]} 12. Qe2 {[%emt 0:02:34]} Qf5 {[%emt 0:13:49]} 13. Be5 {[%emt 0:02:09]} Be7 {[%emt 0:11:37]} 14. h3 {[%emt 0:00:56]} O-O {[%emt 0:02:10]} 15. Rfe1 {[%emt 0:03:16]} Rad8 {[%emt 0:07:12]} 16. Rad1 {[%emt 0:03:55]} c5 {[%emt 0:04:00]} 17. c3 {[%emt 0:11:06]} cxd4 {[%emt 0:00:12]} 18. Nxd4 {[%emt 0:01:46]} Qh5 {[%emt 0:00:59]} 19. Qe3 {[%emt 0:02:49]} Nd5 {[%emt 0:00:51]} 20. Qg3 {[%emt 0:01:12]} Qg6 {[%emt 0:00:56]} 21. Qf3 {[%emt 0:00:47]} Bd6 {[%emt 0:02:35]} 22. Bxd6 {[%emt 0:00:49]} Rxd6 {[%emt 0:00:05]} 23. c4 {[%emt 0:01:20]} Nb4 {[%emt 0:01:47]} 24. Qxb7 {[%emt 0:03:02]} a5 {[%emt 0:01:39]} 25. Qf3 {[%emt 0:02:49]} Rfd8 {[%emt 0:01:56]} 26. Nb5 {[%emt 0:04:14]} Rd2 {[%emt 0:01:03]} 1-0

[Event "Fagernes International 2022"]
[Site "Fagernes"]
[Date "2022.04.10"]
[Round "1.15"]
[White "Skotheim, Havard"]
[Black "Ali, Karim"]
[Result "0-1"]
[WhiteElo "1340"]
[BlackElo "1786"]
[Annotator "NA RC"]
[PlyCount "86"]
[EventDate "2022.04.10"]
[EventCountry "NOR"]
[SourceTitle "playchess.com"]
[Source "ChessBase"]
[SourceQuality "1"]

1. e4 {[%emt 0:00:03]} d6 {[%emt 0:00:04]} 2. d4 {[%emt 0:00:23]} Nf6 {[%emt 0:00:06]} 3. Nc3 {[%emt 0:00:29]} Nbd7 {[%emt 0:00:04]} 4. f4 {[%emt 0:01:41]} e5 {[%emt 0:00:06]} 5. Nf3 {[%emt 0:04:36]} exd4 {[%emt 0:00:05]} 6. Qxd4 {[%emt 0:01:41]} c6 {[%emt 0:00:05]} 7. Qd1 {[%emt 0:07:02]} b5 {[%emt 0:02:12]} 8. b4 {[%emt 0:03:33]} d5 {[%emt 0:06:32]} 9. a3 {[%emt 0:04:27]} Nxe4 {[%emt 0:09:33]} 10. Nxe4 {[%emt 0:00:23]} dxe4 {[%emt 0:00:10]} 11. Ng5 {[%emt 0:19:43]} f5 {[%emt 0:01:45]} 12. Ne6 {[%emt 0:00:47]} Qf6 {[%emt 0:00:09]} 13. Nd4 {[%emt 0:06:19]} Nb6 {[%emt 0:14:01]} 14. Rb1 {[%emt 0:11:03]} Bb7 {[%emt 0:03:44]} 15. Bb2 {[%emt 0:03:35]} Rd8 {[%emt 0:00:30]} 16. Qh5+ {[%emt 0:04:11]} g6 {[%emt 0:01:31]} 17. Qg5 {[%emt 0:00:49]} Qd6 {[%emt 0:06:11]} 18. Be2 {[%emt 0:04:32]} Be7 {[%emt 0:26:32]} 19. Qh6 {[%emt 0:05:06]} Bf8 {[%emt 0:04:00]} 20. Qg5 {[%emt 0:01:20]} Nd5 {[%emt 0:15:24]} 21. O-O {[%emt 0:03:09]} Be7 {[%emt 0:00:54]} 22. Qh6 {[%emt 0:01:53]} Bf6 {[%emt 0:03:14]} 23. Rbe1 {[%emt 0:16:57]} Ne3 {[%emt 0:01:03]} 24. Nxb5 {[%emt 0:01:46]} cxb5 {[%emt 0:00:30]} 25. Bxf6 {[%emt 0:00:19]} Ng4 {[%emt 0:03:58]} 26. Qg7 {[%emt 0:03:08]} Qxf6 {[%emt 0:00:25]} 27. Qxb7 {[%emt 0:00:29]} Qd4+ {[%emt 0:02:06]} 28. Kh1 {[%emt 0:00:49]} Nf2+ {[%emt 0:00:26]} 29. Rxf2 {[%emt 0:00:55]} Qxf2 {[%emt 0:00:04]} 30. Qc6+ {[%emt 0:03:07]} Ke7 {[%emt 0:01:44]} 31. Qc7+ {[%emt 0:01:20]} Rd7 {[%emt 0:00:08]} 32. Qe5+ {[%emt 0:00:17]} Kf7 {[%emt 0:00:22]} 33. Qa1 {[%emt 0:01:47]} a6 {[%emt 0:03:09]} 34. c4 {[%emt 0:00:33]} Rd2 {[%emt 0:00:33]} 35. Bf1 {[%emt 0:00:30]} Rhd8 {[%emt 0:00:43]} 36. cxb5 {[%emt 0:00:22]} axb5 {[%emt 0:00:16]} 37. Rc1 {[%emt 0:00:30]} Qb6 {[%emt 0:01:52]} 38. h3 {[%emt 0:00:46]} e3 {[%emt 0:00:25]} 39. Re1 {[%emt 0:00:50]} Re8 {[%emt 0:00:46]} 40. Re2 {[%emt 0:00:33]} Qd6 {[%emt 0:01:03]} 41. g3 {[%emt 0:07:14]} Qd5+ {[%emt 0:02:18]} 42. Kg1 {[%emt 0:02:35]} Rd1 {[%emt 0:00:18]} 43. Qc3 {[%emt 0:02:22]} Rxf1+ {[%emt 0:00:19]} 0-1

[Event "Fagernes International 2022"]
[Site "Fagernes"]
[Date "2022.04.10"]
[Round "1.16"]
[White "Stromhaug, Kristoffer Wang"]
[Black "Bollestad, Leiv Ove"]
[Result "1-0"]
[WhiteElo "1694"]
[BlackElo "1302"]
[Annotator "NA RC"]
[PlyCount "68"]
[EventDate "2022.04.10"]
[EventCountry "NOR"]
[SourceTitle "playchess.com"]
[Source "ChessBase"]
[SourceQuality "1"]

1. e4 {[%emt 0:00:02]} e5 {[%emt 0:00:17]} 2. Nf3 {[%emt 0:00:16]} Nc6 {[%emt 0:00:34]} 3. Bc4 {[%emt 0:00:24]} Be7 {[%emt 0:00:40]} 4. d4 {[%emt 0:00:52]} exd4 {[%emt 0:00:46]} 5. Nxd4 {[%emt 0:00:10]} Ne5 {[%emt 0:02:31]} 6. Bb3 {[%emt 0:01:52]} d6 {[%emt 0:02:46]} 7. O-O {[%emt 0:03:55]} Nf6 {[%emt 0:01:11]} 8. Nc3 {[%emt 0:08:06]} O-O {[%emt 0:02:15]} 9. h3 {[%emt 0:08:09]} a6 {[%emt 0:01:39]} 10. a4 {[%emt 0:04:13]} c5 {[%emt 0:03:24]} 11. Nf3 {[%emt 0:00:47]} b6 {[%emt 0:04:07]} 12. Bf4 {[%emt 0:04:16]} Nxf3+ {[%emt 0:01:36]} 13. Qxf3 {[%emt 0:00:09]} Bb7 {[%emt 0:00:07]} 14. Rad1 {[%emt 0:04:08]} Qc7 {[%emt 0:02:37]} 15. Bd5 {[%emt 0:01:22]} Nxd5 {[%emt 0:02:08]} 16. Nxd5 {[%emt 0:00:07]} Bxd5 {[%emt 0:00:14]} 17. Rxd5 {[%emt 0:00:08]} Rad8 {[%emt 0:00:13]} 18. Rfd1 {[%emt 0:00:39]} Rd7 {[%emt 0:00:37]} 19. Qd3 {[%emt 0:02:22]} c4 {[%emt 0:01:11]} 20. Qg3 {[%emt 0:01:03]} Rfd8 {[%emt 0:00:45]} 21. e5 {[%emt 0:00:31]} Qc6 {[%emt 0:01:31]} 22. exd6 {[%emt 0:00:51]} Bf6 {[%emt 0:00:17]} 23. Be5 {[%emt 0:01:08]} Bxe5 {[%emt 0:01:43]} 24. Qxe5 {[%emt 0:00:27]} Qxa4 {[%emt 0:00:28]} 25. Re1 {[%emt 0:00:54]} g6 {[%emt 0:01:06]} 26. Qf6 {[%emt 0:02:33]} Qc6 {[%emt 0:02:31]} 27. Red1 {[%emt 0:02:30]} Re8 {[%emt 0:03:38]} 28. Re5 {[%emt 0:00:35]} Red8 {[%emt 0:03:22]} 29. Re7 {[%emt 0:01:30]} Rxe7 {[%emt 0:02:20]} 30. Qxe7 {[%emt 0:00:12]} Re8 {[%emt 0:00:08]} 31. Qc7 {[%emt 0:01:34]} Qc5 {[%emt 0:03:05]} 32. d7 {[%emt 0:00:51]} Re1+ {[%emt 0:03:46]} 33. Rxe1 {[%emt 0:00:04]} Qxc7 {[%emt 0:00:10]} 34. Re8+ {[%emt 0:00:05]} Kg7 {[%emt 0:00:22]} 1-0

[Event "Fagernes International 2022"]
[Site "Fagernes"]
[Date "2022.04.10"]
[Round "1.17"]
[White "Albrigtsen, Tord"]
[Black "Johannessen, Theo N"]
[Result "1/2-1/2"]
[WhiteElo "1300"]
[BlackElo "1766"]
[Annotator "NA RC"]
[PlyCount "99"]
[EventDate "2022.04.10"]
[EventCountry "NOR"]
[SourceTitle "playchess.com"]
[Source "ChessBase"]
[SourceQuality "1"]

1. d4 Nf6 {[%emt 0:00:15]} 2. c4 {[%emt 0:00:09]} g6 {[%emt 0:00:08]} 3. Nf3 {[%emt 0:00:06]} Bg7 {[%emt 0:00:30]} 4. Bf4 {[%emt 0:00:22]} O-O {[%emt 0:01:12]} 5. e3 {[%emt 0:00:50]} d5 {[%emt 0:00:52]} 6. Be2 {[%emt 0:03:11]} c5 {[%emt 0:03:10]} 7. O-O {[%emt 0:02:34]} cxd4 {[%emt 0:02:28]} 8. Nxd4 {[%emt 0:03:55]} Nc6 {[%emt 0:02:01]} 9. Nxc6 {[%emt 0:01:56]} bxc6 {[%emt 0:00:08]} 10. Nc3 {[%emt 0:01:14]} Re8 {[%emt 0:13:26]} 11. Be5 {[%emt 0:04:26]} Be6 {[%emt 0:11:57]} 12. Bf3 {[%emt 0:05:17]} Qa5 {[%emt 0:08:38]} 13. Qa4 {[%emt 0:05:27]} Qxa4 {[%emt 0:00:42]} 14. Nxa4 {[%emt 0:00:09]} Nd7 {[%emt 0:12:13]} 15. Bxg7 {[%emt 0:02:29]} Kxg7 {[%emt 0:00:05]} 16. Rfd1 {[%emt 0:01:03]} Ne5 {[%emt 0:00:47]} 17. cxd5 {[%emt 0:01:11]} Nxf3+ {[%emt 0:00:09]} 18. gxf3 {[%emt 0:00:09]} Bxd5 {[%emt 0:01:23]} 19. e4 {[%emt 0:03:07]} Be6 {[%emt 0:01:55]} 20. Kg2 {[%emt 0:06:26]} f6 {[%emt 0:10:46]} 21. Nc5 {[%emt 0:06:05]} Kf7 {[%emt 0:00:21]} 22. b3 {[%emt 0:07:17]} Red8 {[%emt 0:02:14]} 23. Nb7 {[%emt 0:03:45]} Rdb8 {[%emt 0:04:17]} 24. Na5 {[%emt 0:04:43]} c5 {[%emt 0:11:01]} 25. Rac1 {[%emt 0:02:56]} Rb5 {[%emt 0:04:49]} 26. Nc4 {[%emt 0:00:25]} Rc8 {[%emt 0:01:39]} 27. f4 {[%emt 0:04:20]} Rb4 {[%emt 0:01:18]} 28. Nd2 {[%emt 0:04:33]} Rd4 {[%emt 0:01:21]} 29. Kf3 {[%emt 0:01:10]} h5 {[%emt 0:03:27]} 30. Ke3 {[%emt 0:07:38]} Rd6 {[%emt 0:01:30]} 31. Nc4 {[%emt 0:04:12]} Ra6 {[%emt 0:00:39]} 32. Rd2 {[%emt 0:00:23]} Rac6 {[%emt 0:01:25]} 33. f3 {[%emt 0:01:27]} h4 {[%emt 0:00:42]} 34. e5 {[%emt 0:00:34]} Bxc4 {[%emt 0:01:24]} 35. Rxc4 {[%emt 0:00:11]} Ke6 {[%emt 0:00:41]} 36. exf6 {[%emt 0:01:09]} Kxf6 {[%emt 0:00:49]} 37. h3 {[%emt 0:02:13]} Re6+ {[%emt 0:01:13]} 38. Re4 {[%emt 0:00:28]} Rd6 {[%emt 0:00:28]} 39. Ra4 {[%emt 0:01:41]} Rc7 {[%emt 0:00:35]} 40. Rc4 {[%emt 0:02:11]} Kf5 {[%emt 0:01:20]} 41. Rdc2 {[%emt 0:01:38]} Re6+ {[%emt 0:03:35]} 42. Kf2 {[%emt 0:00:42]} Rec6 {[%emt 0:18:14]} 43. b4 {[%emt 0:00:35]} Rd7 {[%emt 0:00:25]} 44. Rxc5+ {[%emt 0:01:07]} Rxc5 {[%emt 0:00:11]} 45. Rxc5+ {[%emt 0:00:30]} Kxf4 {[%emt 0:00:14]} 46. Rc4+ {[%emt 0:00:07]} Kf5 {[%emt 0:00:52]} 47. Ke2 {[%emt 0:02:16]} g5 {[%emt 0:00:39]} 48. a4 {[%emt 0:00:16]} e5 {[%emt 0:02:08]} 49. b5 {[%emt 0:00:32]} Ke6 {[%emt 0:14:12]} 50. Rc6+ {[%emt 0:04:23]} 1/2-1/2

[Event "Fagernes International 2022"]
[Site "Fagernes"]
[Date "2022.04.10"]
[Round "1.18"]
[White "Galinsky, Misha"]
[Black "Nebell, Anne Grete"]
[Result "1-0"]
[WhiteElo "1744"]
[BlackElo "1287"]
[Annotator "NA RC"]
[PlyCount "81"]
[EventDate "2022.04.10"]
[EventCountry "NOR"]
[SourceTitle "playchess.com"]
[Source "ChessBase"]
[SourceQuality "1"]

1. c4 {[%emt 0:00:06]} Nf6 {[%emt 0:00:16]} 2. g3 {[%emt 0:00:11]} g6 {[%emt 0:00:13]} 3. Bg2 {[%emt 0:00:17]} Bg7 {[%emt 0:00:09]} 4. Nc3 {[%emt 0:00:32]} c5 {[%emt 0:01:11]} 5. e3 {[%emt 0:02:09]} Nc6 {[%emt 0:01:14]} 6. d4 {[%emt 0:01:52]} cxd4 {[%emt 0:01:05]} 7. exd4 {[%emt 0:00:02]} d6 {[%emt 0:02:08]} 8. Nf3 {[%emt 0:00:55]} O-O {[%emt 0:00:40]} 9. O-O {[%emt 0:00:52]} Rb8 {[%emt 0:01:06]} 10. Re1 {[%emt 0:01:26]} Bg4 {[%emt 0:04:45]} 11. h3 {[%emt 0:01:59]} Bxf3 {[%emt 0:00:47]} 12. Bxf3 {[%emt 0:00:07]} Nd7 {[%emt 0:02:58]} 13. Bxc6 {[%emt 0:08:39]} bxc6 {[%emt 0:00:13]} 14. b3 {[%emt 0:05:46]} c5 {[%emt 0:02:21]} 15. Bg5 {[%emt 0:08:25]} Re8 {[%emt 0:03:17]} 16. Nb5 {[%emt 0:03:11]} f6 {[%emt 0:04:05]} 17. Be3 {[%emt 0:01:10]} a6 {[%emt 0:02:54]} 18. Nc3 {[%emt 0:00:58]} cxd4 {[%emt 0:08:04]} 19. Bxd4 {[%emt 0:00:32]} Qc8 {[%emt 0:02:15]} 20. Kh2 {[%emt 0:09:37]} Qc6 {[%emt 0:02:58]} 21. Qd2 {[%emt 0:12:05]} Ne5 {[%emt 0:02:40]} 22. Bxe5 {[%emt 0:05:38]} dxe5 {[%emt 0:00:18]} 23. Qd5+ {[%emt 0:00:23]} Qxd5 {[%emt 0:04:32]} 24. Nxd5 {[%emt 0:00:06]} e6 {[%emt 0:01:07]} 25. Nc7 {[%emt 0:01:37]} Red8 {[%emt 0:02:57]} 26. Nxa6 {[%emt 0:02:24]} Rb6 {[%emt 0:00:47]} 27. Nc7 {[%emt 0:01:10]} Rbd6 {[%emt 0:02:04]} 28. a4 {[%emt 0:01:26]} Rd2 {[%emt 0:00:18]} 29. Kg2 {[%emt 0:00:27]} Rb2 {[%emt 0:00:26]} 30. Reb1 {[%emt 0:00:44]} Rc2 {[%emt 0:00:36]} 31. Rd1 {[%emt 0:00:27]} Rb8 {[%emt 0:01:54]} 32. Nb5 {[%emt 0:00:12]} Rb2 {[%emt 0:00:31]} 33. a5 {[%emt 0:02:33]} Bf8 {[%emt 0:01:19]} 34. a6 {[%emt 0:08:08]} Bc5 {[%emt 0:01:24]} 35. a7 {[%emt 0:07:27]} Ra8 {[%emt 0:00:59]} 36. Rd7 {[%emt 0:02:26]} Bxf2 {[%emt 0:02:08]} 37. Kf1 {[%emt 0:01:13]} Bc5 {[%emt 0:03:04]} 38. Rb7 {[%emt 0:00:52]} Rf2+ {[%emt 0:01:46]} 39. Ke1 {[%emt 0:00:12]} Rh2 {[%emt 0:00:06]} 40. Rb8+ {[%emt 0:00:09]} Kg7 {[%emt 0:00:06]} 41. Ra4 {[%emt 0:01:04]} 1-0